000 00578nam a2200205Ia 4500
005 20250923144834.0
008 008 250917s9999 xx 000 0 eng d
037 _aTextual
040 _aDSWL
_beng
_cDSWL
041 _aeng
_2eng
084 _aY73(P28):1'N64, N49
_qDSWL
100 _aDickson, H.R.P.
_9828939
245 4 _aThe Arab of the Desert
_cby H.R.P. Dickson
260 _aLondon
_b&Kegan Paul
_c1959
300 _a664p.
365 _aINR
_b75
925 _g75
942 _cTEXL
_hY73(P28):1'N64, N49
999 _c1443986
_d1443986